| 000 | 00405nam a2200157Ia 4500 | ||
|---|---|---|---|
| 999 |
_c16582 _d16582 |
||
| 082 | _a300.1 ROS-; | ||
| 100 | _aRosenberg, Morris | ||
| 245 | 0 | _aLogic of survey analysis | |
| 260 |
_aNew York _bBasic Books Publishers _c1968 |
||
| 300 | _a283p. | ||
| 504 | _aIncludes index | ||
| 650 | _aSocial surveys | ||
| 650 | _aSocial sciences - Research | ||
| 650 | _aSocial sciences - Philosophy | ||
| 942 | _cBK | ||